000 00816nam0a22002411 4500
001 rc\1073669
005 20250622101451.0
035 _a(NLR Aleph) 006233352
090 _a6595579
_c6595579
100 _a20041129d1980 |||y0rusy50 ca
101 0 _arus
102 _aRU
105 _aa |||||||||
200 1 _aРегиональное экономическое и политическое развитие в Румынии
_fПер. с рум. Инна Фодор
_gРед. Роликэ Захария
210 _aБухарест
_cМеридиане
_d1980
215 _a227 с., 33 л. ил., карт.
_d21
320 _aБиблиогр.: с. 224-225
700 1 _aБлага
_bИ.
_gИон
801 0 _aRU
_bNLR
_gpsbo
801 1 _aRU
_bELAR
_2rusmarc
852 _aNLR
_j81-3/4561
942 _cBOOK
980 _aNB